000 00236nam a2200097Ia 4500
008 170619s9999 xx 000 0 und d
100 _aLakshminarayana- N.V
245 0 _aFinite Element Analysis
260 _bUNIVERSITIES PRESS
260 _c2013
546 _aENGLISH
999 _c21383
_d21383